History Quiz

Random History or Clickable Quiz

20th Century Clicks Quiz Stats

 Plays Quiz Updated Nov 18, 2016

Challenge
Share
Tweet
Embed
Score 0/45 Timer 08:00
0 Plays Today
% Correct
1945
83.9%
1941
81.2%
1969
79%
1963
75.8%
1929
75.4%
1912
72.3%
1939
71.4%
1914
66.8%
1972
66.7%
1962
66.2%
1997
65.9%
1989
65.2%
1968
62.8%
1933
60.7%
1977
60.1%
1919
59.6%
1948
57.8%
1980
56.9%
1917
55.8%
1986
55.1%
1999
54.7%
1998
51.9%
1901
51.5%
% Correct
1991
51.2%
1965
51.1%
1940
50.9%
1994
49.6%
1979
48.6%
1916
48.4%
1957
44.3%
1990
43.6%
1903
43.1%
1906
42.9%
1981
40.7%
1920
39.3%
1936
37.4%
1930
34.6%
1955
33.1%
1937
32.4%
1922
31.7%
1953
31.2%
1949
29.5%
1956
28.9%
1911
28.3%
1909
26.4%

You're not logged in!

Compare scores with friends on all Sporcle quizzes.
OR
Log In

You Might Also Like...

Show Comments

Extras

Top Quizzes Today


Score Distribution

Your Account Isn't Verified!

In order to create a playlist on Sporcle, you need to verify the email address you used during registration. Go to your Sporcle Settings to finish the process.

Report this User

Report this user for behavior that violates our Community Guidelines.

Details: